Energía geotérmica

Bibliographic Details
Main Author: Armatead, Chistopher H.
Format: Section = Libro
Language:Undetermined
Spanish
Published: México Limusa 1989
Subjects:
LEADER 00450nam a2200181Ia 4500
008 240830s9999 xx 000 0 und d
020 |a 968-10-3028-8 
040 |a CEDOC FIQ-RUSB / 333.88 A735 
041 |a spa 
082 |a 333.88 A735 
100 1 |a Armatead, Chistopher H. 
245 1 0 |a Energía geotérmica 
260 |a México  |b Limusa  |c 1989 
300 |a 504 p. :il 
650 7 |a ENERGIA GEOTERMICA 
942 |c BK  |2 ddc 
991 |a TEXTO 
999 |c 13291